000 00786 a2200217 4500
005 20080905104753.0
008 080905t xxu||||| |||| 00| 0 eng d
010 _aENG-87533
020 _c695.00
_a8131303047
035 _aEN-71066
037 _bD.B.Act / Pub
082 _a660.6
100 _aPatil, C. S.
245 _aBiotechnology
_cby C. S. Patil and Prabhu M. Biradar
260 _aNew Delhi
_bA P H Publishing
_c2007
300 _ax, 278 p.
_c22 cm. (Hb).
500 _aIncludes bibliographical references
700 _aBiradar, Prabhu M.
942 _adpl
_cEN
_k660.6 / PAT
_2ddc
_h660.6
_mPAT
999 _c6635
_d6635